La pràctica dels plans de mobilitat : jornada 6 jornada 6
Descripción Física:
1 tríptic ; 21 cm
MARC
| LEADER | 00000nam a2200000Ia 4500 | ||
|---|---|---|---|
| 001 | 24261 | ||
| 003 | BGR | ||
| 005 | 20260324180616.0 | ||
| 008 | 160829s1996 xx 000 0 cat d | ||
| 080 | |a FU-64-102 | ||
| 111 | |a Jornades Sobre Mobilitat i Qualitat Ambiental Municipal |9 71294 |c (Barcelona : |d 1996) | ||
| 245 | |a La pràctica dels plans de mobilitat : |b jornada 6 | ||
| 260 | |a Barcelona : |b Diputació de Barcelona. Servei del Medi Ambient, |c 1996 | ||
| 300 | |a 1 tríptic ; |c 21 cm | ||
| 590 | |a Programa de mà de les jornades, celebrades el 19 de juny de 1997 a l'Escola Industrial (Barcelona) | ||
| 650 | |a Transport |x Aspectes ambientals |x Congressos |9 49324 | ||
| 710 | 1 | |a Barcelona (Catalunya : Província). |b Servei de Medi Ambient |9 53475 | |
| 901 | |a Arxiu | ||
| 942 | |n 1 |2 udc |c JC | ||
| 952 | |0 0 |1 0 |4 0 |6 FU64102 |7 1 |9 55733 |a Arxiu |b Arxiu |d 2016-12-01 |l 0 |o FU-64-102 |p 24261 |r 2016-12-01 00:00:00 |w 2016-12-01 |y ARXIU | ||
| 999 | |c 59606 |d 59606 | ||